01035cam a2200325 a 450000100090000000300040000900500170001300800410003001000170007101500190008801600180010702000250012502000220015003500240017204000330019604100130022904200140024205000220025608200190027810000220029724501110031926000460043030000210047644000280049750000320052550400510055754600390060865000320064770000300067915719718OSt20200612124636.0090430r20092000enk b 001 0 eng  a 2009294381 aGBA8D62562bnb7 a0148446602Uk a9780199539093 (pbk.) a019953909X (pbk.) a(OCoLC)ocn277068165 aUKMcoclcdBTCTAdYDXCPdDLC1 aenghgrc alccopycat00aB187.5b.F57 200904a182222bWAT/F aWaterfield, Robin04aThe first philosophers :bThe presocratics and sophists /ctranslated with commentary by Robin Waterfield. aOxford :bOxford University Press,c2009. a354 p. ;c20 cm. 0aOxford world's classics aOriginally published: 2000. aIncludes bibliographical references and index. aTranslated from the Ancient Greek. 0aSophists (Greek philosophy)1 aWaterfield, Robin,d1952-